<?xml version="1.0" encoding="UTF-8"?>
<record
    xmlns:xsi="http://www.w3.org/2001/XMLSchema-instance"
    xsi:schemaLocation="http://www.loc.gov/MARC21/slim http://www.loc.gov/standards/marcxml/schema/MARC21slim.xsd"
    xmlns="http://www.loc.gov/MARC21/slim">

  <leader>01256nam a22002297a 4500</leader>
  <controlfield tag="008">170118s2009        cr||||| |||| 00| 0 spa d</controlfield>
  <datafield tag="020" ind1=" " ind2=" ">
    <subfield code="a">9789968899321</subfield>
  </datafield>
  <datafield tag="082" ind1="0" ind2="4">
    <subfield code="a">709.272.8</subfield>
    <subfield code="b">A997t</subfield>
  </datafield>
  <datafield tag="110" ind1="1" ind2=" ">
    <subfield code="a">TEOR/&#xE9;tica.</subfield>
    <subfield code="9">5471</subfield>
  </datafield>
  <datafield tag="245" ind1="1" ind2="0">
    <subfield code="a">Tres mujeres, tres memorias : </subfield>
    <subfield code="b">Margarita Azurdia, Emilia Prieto, Rosa Mena Valenzuela /</subfield>
    <subfield code="c">TEOR/&#xE9;tica ; edici&#xF3;n por Virginia P&#xE9;rez-Ratton.</subfield>
  </datafield>
  <datafield tag="250" ind1=" " ind2=" ">
    <subfield code="a">1a ed.</subfield>
  </datafield>
  <datafield tag="260" ind1=" " ind2=" ">
    <subfield code="a">San Jos&#xE9;, Costa Rica :</subfield>
    <subfield code="b">TEOR/&#xE9;tica, </subfield>
    <subfield code="c">2009.</subfield>
  </datafield>
  <datafield tag="300" ind1=" " ind2=" ">
    <subfield code="a">168 p.</subfield>
    <subfield code="b">il. col.</subfield>
  </datafield>
  <datafield tag="505" ind1=" " ind2=" ">
    <subfield code="t">Introducci&#xF3;n / Introduction</subfield>
    <subfield code="r">Rosina Cazali.</subfield>
    <subfield code="t">Tres mujeres, tres memorias / Three women, three memories </subfield>
    <subfield code="r">Virginia P&#xE9;rez-Ratton.</subfield>
    <subfield code="t">Margarita Rita Rica Dinamita  </subfield>
    <subfield code="r">Rosina Cazali.</subfield>
    <subfield code="t">Gr&#xE1;fica de la radicalidad visionaria / Graphics of a visionary radicalism </subfield>
    <subfield code="r">Virginia P&#xE9;rez-Ratton.</subfield>
    <subfield code="t">La caligraf&#xED;a de la conciencia / The caligraphy of conscience</subfield>
    <subfield code="r">Sila Chanto.</subfield>
    <subfield code="t">La isla y la expresi&#xF3;n / The island and the expression </subfield>
    <subfield code="r">Rodolfo Molina.</subfield>
    <subfield code="t">La po&#xE9;tica de lo m&#xED;stico / Poetics of mysticism</subfield>
    <subfield code="r">Rosina Cazali.</subfield>
  </datafield>
  <datafield tag="653" ind1="1" ind2="0">
    <subfield code="a">Arte contempor&#xE1;neo</subfield>
  </datafield>
  <datafield tag="653" ind1="1" ind2="0">
    <subfield code="a">Arte - Centroam&#xE9;rica</subfield>
  </datafield>
  <datafield tag="653" ind1="1" ind2="0">
    <subfield code="a">Arte - Mujeres</subfield>
  </datafield>
  <datafield tag="653" ind1="1" ind2="0">
    <subfield code="a">Artistas centroamericanas</subfield>
  </datafield>
  <datafield tag="653" ind1="1" ind2="0">
    <subfield code="a">Pintura </subfield>
  </datafield>
  <datafield tag="653" ind1="1" ind2="0">
    <subfield code="a">Instalaci&#xF3;n </subfield>
  </datafield>
  <datafield tag="700" ind1="1" ind2=" ">
    <subfield code="a">P&#xE9;rez-Ratton, Virginia.</subfield>
    <subfield code="e">editora.</subfield>
    <subfield code="9">580</subfield>
  </datafield>
  <datafield tag="999" ind1=" " ind2=" ">
    <subfield code="c">1121</subfield>
    <subfield code="d">1121</subfield>
  </datafield>
  <datafield tag="952" ind1=" " ind2=" ">
    <subfield code="0">0</subfield>
    <subfield code="1">0</subfield>
    <subfield code="2">ddc</subfield>
    <subfield code="4">0</subfield>
    <subfield code="7">0</subfield>
    <subfield code="a">LV</subfield>
    <subfield code="b">LV</subfield>
    <subfield code="c">Colecci&#xF3;n Teor&#xE9;tica</subfield>
    <subfield code="d">2017-01-18</subfield>
    <subfield code="l">0</subfield>
    <subfield code="o">709.272.8 A977t</subfield>
    <subfield code="p">004312</subfield>
    <subfield code="r">2017-01-18 00:00:00</subfield>
    <subfield code="w">2017-01-18</subfield>
    <subfield code="y">01</subfield>
  </datafield>
  <datafield tag="952" ind1=" " ind2=" ">
    <subfield code="0">0</subfield>
    <subfield code="1">0</subfield>
    <subfield code="2">ddc</subfield>
    <subfield code="4">0</subfield>
    <subfield code="7">0</subfield>
    <subfield code="a">LV</subfield>
    <subfield code="b">LV</subfield>
    <subfield code="c">Colecci&#xF3;n Teor&#xE9;tica</subfield>
    <subfield code="d">2018-09-27</subfield>
    <subfield code="l">0</subfield>
    <subfield code="o">709.272.8 A997t</subfield>
    <subfield code="p">002249</subfield>
    <subfield code="r">2018-09-27 00:00:00</subfield>
    <subfield code="w">2018-09-27</subfield>
    <subfield code="y">01</subfield>
  </datafield>
</record>
